000 00873nam a22002651 4500
001 2176126
003 OSt
005 20160128110619.0
008 710304s1968 njuak b 000 0 eng
010 _a 68024181
040 _aDLC
_cDLC
_dDLC
050 0 0 _aLB 1575 .W592 1968
082 0 0 _aTR 372.41
_bW58 1968
100 1 _aWhitehead, Robert J.
_9430
245 1 0 _aChildren's literature: strategies of teaching /
_c[by] Robert Whitehead.
260 _aEnglewood Cliffs, N.J.,
_bPrentice-Hall
_c[1968]
300 _avi, 234 p. ;
_billus., forms.
_c23 cm.
490 0 _aModern elementary methods series
504 _aIncludes bibliographical references.
562 _eFor circulation one copy in the collection
650 0 _aChildren's literature
_xStudy and teaching.
_9431
906 _a7
_bcbc
_corignew
_du
_eocip
_f19
_gy-gencatlg
942 _2lcc
_cBK
999 _c748
_d748